[Event "Titled Tue 3rd Jun Early"]
[Site "chess.com INT"]
[Date "2025.06.03"]
[Round "2"]
[White "Gutierrez Carmona, Juan Alejandro"]
[Black "Terkiewicz, Bruno"]
[Result "0-1"]
[WhiteTitle "FM"]
[BlackTitle "CM"]
[WhiteElo "2036"]
[BlackElo "2183"]
[WhiteFideId "5106770"]
[BlackFideId "21093245"]
[EventDate "2025.06.03"]

1. e4 c6 2. d4 d5 3. Nc3 dxe4 4. Nxe4 Nf6 5. Ng3 h5 6. h3 h4 7. N3e2 Bf5 8. Nf3
Ne4 9. c3 Nd7 10. Bf4 e6 11. Qb3 b6 12. Nc1 a5 13. Nd3 Nec5 14. Nxc5 bxc5 15.
Qb7 Qc8 16. Ba6 Qxb7 17. Bxb7 Ra7 18. Bxc6 Ra6 19. Bb5 Rb6 20. a4 f6 21. Rd1 Rb7
22. O-O Be4 23. Rfe1 Bxf3 24. gxf3 cxd4 25. Rxd4 e5 26. Bxe5 fxe5 27. Rxe5+ Be7
28. Rde4 O-O 29. Rxe7 Nc5 30. Bc4+ Kh7 31. Rxh4+ Kg6 32. Rg4+ Kh6 33. Rxb7 Nxb7
34. Kg2 Nc5 35. Bb5 g5 36. b4 Nb7 0-1

[Event "Titled Tue 3rd Jun Early"]
[Site "chess.com INT"]
[Date "2025.06.03"]
[Round "2"]
[White "Iljin, Timofey"]
[Black "Tang, Andrew"]
[Result "0-1"]
[WhiteTitle "IM"]
[BlackTitle "GM"]
[WhiteElo "2242"]
[BlackElo "2529"]
[WhiteFideId "14110180"]
[BlackFideId "2059630"]
[EventDate "2025.06.03"]

1. e4 e5 2. d4 exd4 3. f4 d5 4. e5 Bb4+ 5. Bd2 Bxd2+ 6. Qxd2 c5 7. c3 Nc6 8. Nf3
dxc3 9. Nxc3 Nge7 10. Bd3 O-O 11. O-O-O Be6 12. Bb1 Qa5 13. g4 d4 14. Qd3 g6 15.
Ne4 Nb4 16. Qa3 Qxa3 17. bxa3 Na6 18. Nfg5 Bd5 19. Nf6+ Kg7 20. Nxd5 Nxd5 21. f5
h6 22. f6+ Kg8 23. Ne4 Rfe8 24. Rhe1 Rxe5 25. Nd6 Rxe1 26. Rxe1 Nxf6 27. Rf1 Kg7
28. h4 Rd8 0-1

[Event "Titled Tue 3rd Jun Early"]
[Site "chess.com INT"]
[Date "2025.06.03"]
[Round "2"]
[White "Lazavik, Denis"]
[Black "Tan, Zhongyi"]
[Result "1-0"]
[WhiteTitle "GM"]
[BlackTitle "GM"]
[WhiteElo "2577"]
[BlackElo "2536"]
[WhiteFideId "13515110"]
[BlackFideId "8603642"]
[EventDate "2025.06.03"]

1. e4 e5 2. Nf3 Nc6 3. Bc4 Nf6 4. d3 Bc5 5. c3 O-O 6. O-O d5 7. exd5 Nxd5 8. Re1
Bg4 9. Nbd2 Nb6 10. h3 Bh5 11. Bb3 Qxd3 12. Nxe5 Qf5 13. Nef3 Rae8 14. g4 Bxg4
15. hxg4 Qxg4+ 16. Kh1 Qh3+ 17. Nh2 Bxf2 18. Re2 Bg3 19. Nf1 Bd6 20. Rg2 Ne5 21.
Bf4 Nbc4 22. Bxc4 Nxc4 23. Qd4 Ne5 24. Ne3 Ng6 25. Bxd6 cxd6 26. Nc4 Re6 27. Rf1
f6 28. Qg4 Qxg4 29. Nxg4 Rfe8 30. Rd2 Ne5 31. Nge3 Nf7 32. Nf5 Re2 33. Rfd1 Rxd2
34. Rxd2 Re1+ 35. Kg2 g6 36. Nfxd6 Nxd6 37. Nxd6 b6 38. Nb5 a6 39. Nc7 a5 40.
Nd5 Kg7 41. Nxb6 1-0

[Event "Titled Tue 3rd Jun Early"]
[Site "chess.com INT"]
[Date "2025.06.03"]
[Round "2"]
[White "Uzuner, Tufan Can"]
[Black "Rohit, S"]
[Result "0-1"]
[WhiteTitle "CM"]
[BlackTitle "FM"]
[WhiteElo "1886"]
[BlackElo "2241"]
[WhiteFideId "6300499"]
[BlackFideId "46633847"]
[EventDate "2025.06.03"]

1. d4 d5 2. Nf3 c5 3. g3 cxd4 4. Bg2 Nf6 5. O-O e6 6. Nxd4 e5 7. Nb3 Be7 8. c4
dxc4 9. Qxd8+ Bxd8 10. N3d2 Nc6 11. Nxc4 Bc7 12. Nc3 Be6 13. b3 O-O-O 14. Bg5
Nd4 15. Bxf6 gxf6 16. e3 Nc6 17. Rfd1 Rxd1+ 18. Rxd1 Rd8 19. Rxd8+ Bxd8 20. Be4
h6 21. Nd6+ Kc7 22. Nf5 Bxf5 23. Bxf5 Kd6 24. Kf1 Kc5 25. Ke2 Kb4 26. Kd3 Ka3
27. Kc4 Kb2 28. Nb5 Kxa2 29. Nd6 Na5+ 30. Kc3 Nxb3 31. Nxf7 Ba5+ 32. Kc2 Na1+
33. Kd3 b5 34. Nxh6 b4 35. h4 b3 36. Be6 Ka3 37. Bxb3 Nxb3 38. h5 Nc5+ 39. Kc4
Ne6 40. Ng8 Bd8 41. h6 Nf8 42. f4 e4 43. g4 a5 44. Kd5 a4 45. Kxe4 Kb2 46. Kf5
a3 47. g5 fxg5 48. fxg5 a2 49. g6 a1=Q 50. h7 Qb1+ 51. Ke5 Nxg6+ 52. Kd6 Nh8 0-1

[Event "Titled Tue 3rd Jun Early"]
[Site "chess.com INT"]
[Date "2025.06.03"]
[Round "2"]
[White "Halkias, Stelios"]
[Black "Emeliantsev, Anatoliy"]
[Result "1-0"]
[WhiteTitle "GM"]
[BlackTitle "FM"]
[WhiteElo "2508"]
[BlackElo "2359"]
[WhiteFideId "4201809"]
[BlackFideId "4160681"]
[EventDate "2025.06.03"]

1. Nf3 Nf6 2. c4 g6 3. Nc3 Bg7 4. e4 d6 5. d4 O-O 6. Be2 e5 7. Be3 Ng4 8. Bg5 f6
9. Bh4 g5 10. Bg3 Nh6 11. dxe5 dxe5 12. O-O c6 13. c5 Be6 14. b4 Qe7 15. Nd2 b5
16. a4 bxa4 17. Qxa4 f5 18. exf5 Nxf5 19. Bc4 Nd4 20. Nce4 Nd7 21. Bxe6+ Qxe6
22. Nxg5 Qg6 23. Nge4 Nf6 24. Rae1 Nxe4 25. Rxe4 Rf5 26. Rfe1 Bh6 27. Qa2+ Kh8
28. Rxe5 Raf8 29. Rxf5 Rxf5 30. Ne4 Bg7 31. Nd6 Rd5 32. Re8+ Qxe8 33. Nxe8 1-0

[Event "Titled Tue 3rd Jun Early"]
[Site "chess.com INT"]
[Date "2025.06.03"]
[Round "2"]
[White "Lloret Ramis, Juan Jose"]
[Black "Barrientos, Ernesto"]
[Result "0-1"]
[WhiteTitle "FM"]
[BlackTitle "CM"]
[WhiteElo "2019"]
[BlackElo "2027"]
[WhiteFideId "2204053"]
[BlackFideId "3701247"]
[EventDate "2025.06.03"]

1. d4 Nf6 2. Bg5 Ne4 3. Bf4 c5 4. f3 Nf6 5. dxc5 b6 6. e4 bxc5 7. e5 Ng8 8. Nc3
e6 9. Ne4 Bb7 10. Nd6+ Bxd6 11. Qxd6 Qb6 12. O-O-O Ne7 13. Bc4 Nf5 14. Qd2 O-O
15. Ne2 Rd8 16. Nc3 Nd4 17. Na4 Qc6 18. Nxc5 Nxf3 19. gxf3 Qxc5 20. Qe2 Nc6 21.
Rhg1 g6 22. Bd3 Nb4 23. h4 Nxa2+ 24. Kb1 Nb4 25. h5 Kg7 26. hxg6 hxg6 27. Bxg6
fxg6 28. Bg5 Rf8 29. Bf6+ Rxf6 30. exf6+ Kxf6 31. Qg2 Qf5 32. Rxd7 Bxf3 0-1

[Event "Titled Tue 3rd Jun Early"]
[Site "chess.com INT"]
[Date "2025.06.03"]
[Round "2"]
[White "Stefanov, Plamen"]
[Black "Myagmarsuren, Evsuld"]
[Result "0-1"]
[BlackTitle "FM"]
[WhiteElo "1982"]
[BlackElo "2292"]
[WhiteFideId "2900980"]
[BlackFideId "1551639"]
[EventDate "2025.06.03"]

1. e4 d5 2. exd5 Qxd5 3. Nc3 Qd8 4. Nf3 c6 5. Bc4 Bf5 6. d3 e6 7. O-O Nf6 8. Qe2
Nbd7 9. h3 Be7 10. a4 h6 11. Bf4 O-O 12. Rad1 Nb6 13. Bb3 Nfd5 14. Bh2 Nxc3 15.
bxc3 Nd5 16. Qd2 Bf6 17. d4 Re8 18. Ne5 Bxe5 19. Bxe5 Qa5 20. c4 Qxd2 21. Rxd2
Nc3 22. g4 Bg6 23. f4 Ne4 24. Rg2 f6 25. f5 exf5 26. gxf5 Bf7 27. Bf4 Kh7 28.
Kh2 Rad8 29. Rfg1 Ng5 30. c3 Nf3+ 31. Kh1 Nxg1 32. Rxg1 b5 33. axb5 cxb5 34. d5
bxc4 35. Bxc4 Bxd5+ 36. Bxd5 Rxd5 37. Ra1 Rxf5 38. Bd6 a5 39. c4 Re2 40. c5 Rc2
41. Kg1 Rfxc5 42. Bxc5 Rxc5 43. Kf2 g5 44. Kg3 Kg6 45. h4 Rc3+ 46. Kg2 Rc5 47.
Kg3 Kh5 48. hxg5 hxg5 49. Rh1+ Kg6 50. Rh8 Rc3+ 51. Kg2 a4 52. Ra8 a3 53. Ra5
Rb3 54. Kf2 f5 55. Kg2 g4 56. Kf2 Kg5 57. Kg2 Rb2+ 58. Kg3 a2 59. Rxa2 f4# 0-1

[Event "Titled Tue 3rd Jun Early"]
[Site "chess.com INT"]
[Date "2025.06.03"]
[Round "2"]
[White "Amarasinghe, A A C B"]
[Black "Ruperez, Miguel"]
[Result "1-0"]
[WhiteTitle "CM"]
[BlackTitle "CM"]
[WhiteElo "1949"]
[BlackElo "2149"]
[WhiteFideId "9901809"]
[BlackFideId "115177"]
[EventDate "2025.06.03"]

1. d4 d5 2. c4 c6 3. Nf3 Nf6 4. Nc3 a6 5. e3 b5 6. c5 g6 7. Bd3 Bg7 8. O-O O-O
9. a4 b4 10. Ne2 a5 11. b3 Nbd7 12. Bb2 Ne8 13. Rc1 Nc7 14. Ne5 Nxe5 15. dxe5 f6
16. exf6 exf6 17. Nd4 Bd7 18. h4 Qe7 19. h5 f5 20. hxg6 hxg6 21. Qf3 Rae8 22.
Qg3 Kf7 23. Qxc7 Be5 24. Qxa5 Rh8 25. f4 Bf6 26. Rf3 Rh5 27. Qxb4 Reh8 28. Qd2
Rh1+ 29. Kf2 Rxc1 30. Qxc1 Qf8 31. Ne2 Rh2 32. Bxf6 Kxf6 33. Qc3+ Kf7 34. Rg3
Qh6 35. Ng1 Rh1 36. Nf3 Rd1 37. Ng5+ Ke7 38. Rh3 Qg7 39. Qxg7+ 1-0

[Event "Titled Tue 3rd Jun Early"]
[Site "chess.com INT"]
[Date "2025.06.03"]
[Round "2"]
[White "Cernov, Henrik"]
[Black "Maghsoodloo, Parham"]
[Result "1-0"]
[WhiteTitle "FM"]
[BlackTitle "GM"]
[WhiteElo "2325"]
[BlackElo "2706"]
[WhiteFideId "16258312"]
[BlackFideId "12539929"]
[EventDate "2025.06.03"]

1. e4 c5 2. Nf3 e6 3. d4 cxd4 4. Nxd4 a6 5. Be2 Nf6 6. Qd3 b5 7. a4 b4 8. Bf3
Bb7 9. e5 Bxf3 10. Qxf3 Nd5 11. c4 bxc3 12. Nxc3 Nc6 13. Nxd5 exd5 14. Qxd5 Bb4+
15. Ke2 Ne7 16. Qc4 a5 17. Bg5 Rc8 18. Qd3 Rc5 19. f4 Qa8 20. Nf3 Nd5 21. Rhd1
h6 22. Qf5 hxg5 23. Nxg5 Qa6+ 24. Kf3 Qg6 25. Qxg6 fxg6 26. Ne4 Rc2 27. Rxd5
Rxh2 28. Rad1 Rcxg2 29. e6 d6 30. Nxd6+ Ke7 31. Ne4 Rxb2 32. Rd7+ Kf8 33. Rd8+
Ke7 34. R1d7+ Kxe6 35. Ng5+ Kf5 36. Rf7# 1-0

[Event "Titled Tue 3rd Jun Early"]
[Site "chess.com INT"]
[Date "2025.06.03"]
[Round "2"]
[White "Karenza, Dita"]
[Black "Kurchenko, Egor"]
[Result "0-1"]
[WhiteTitle "WIM"]
[BlackTitle "FM"]
[WhiteElo "2066"]
[BlackElo "2130"]
[WhiteFideId "7101473"]
[BlackFideId "54157749"]
[EventDate "2025.06.03"]

1. e4 e5 2. Nf3 Nc6 3. Bb5 a6 4. Ba4 d6 5. O-O Bd7 6. c3 g5 7. d4 g4 8. Ne1 h5
9. f4 exd4 10. cxd4 d5 11. exd5 Nce7 12. Nc3 Nf6 13. Bb3 Bf5 14. Qe2 Bg7 15. Nc2
O-O 16. Ne3 Re8 17. Nxf5 Nxf5 18. Qd3 Qd7 19. Bd2 h4 20. Bc2 Nd6 21. Rae1 Rxe1
22. Rxe1 Re8 23. Re5 b5 24. a3 a5 25. b3 b4 26. axb4 axb4 27. Na4 Nfe4 28. Bxb4
f5 29. Nc5 Qc8 30. Nxe4 Nxe4 31. Rxe8+ Qxe8 32. Qe2 Bxd4+ 33. Kf1 g3 34. Bxe4
gxh2 35. g3 Qxe4 36. Qxe4 fxe4 37. Kg2 hxg3 38. Be1 Bf2 39. Bc3 e3 40. b4 e2 41.
b5 e1=Q 0-1

[Event "Titled Tue 3rd Jun Early"]
[Site "chess.com INT"]
[Date "2025.06.03"]
[Round "2"]
[White "Przybylski, Bartosz"]
[Black "Haug, Havard"]
[Result "0-1"]
[WhiteTitle "CM"]
[BlackTitle "FM"]
[WhiteElo "2107"]
[BlackElo "2354"]
[WhiteFideId "21878323"]
[BlackFideId "1547887"]
[EventDate "2025.06.03"]

1. e4 c5 2. Nf3 d6 3. d4 cxd4 4. Nxd4 Nf6 5. Nc3 Nc6 6. Bg5 g6 7. Bxf6 exf6 8.
Bb5 Bd7 9. Qd2 Bg7 10. Nb3 O-O 11. O-O-O Be6 12. Qxd6 Qb6 13. Qc5 Qc7 14. Nd5
Bxd5 15. exd5 Qf4+ 16. Qe3 Qxe3+ 17. fxe3 Ne5 18. Kb1 Ng4 19. Rde1 f5 20. h3 Nf2
21. Rhf1 Ne4 22. Bd3 Nd6 23. e4 fxe4 24. Bxe4 a5 25. a4 b5 26. axb5 a4 27. Nc5
a3 28. bxa3 Rxa3 29. Nb3 Rfa8 30. Kc1 Bc3 31. Kd1 Rxb3 32. cxb3 Ra1+ 33. Ke2
Rxe1+ 34. Rxe1 Bxe1 35. Kxe1 Nxe4 36. b6 Nd6 37. Kd2 Kf8 38. Kd3 Ke7 39. Kd4 f6
40. Kc5 Kd7 41. b4 h5 42. b5 Nb7+ 43. Kd4 Kd6 44. Ke4 Nc5+ 45. Kd4 Nd7 46. b7
Kc7 47. d6+ Kxd6 48. g4 hxg4 49. hxg4 f5 50. gxf5 gxf5 51. Ke3 Ke5 52. Kf3 Nb8
53. b6 f4 54. Kf2 Ke4 55. Ke2 f3+ 56. Kf2 Kf4 57. Kf1 Ke3 58. Ke1 f2+ 59. Kf1
Na6 60. b8=Q Nxb8 61. b7 Nd7 0-1

[Event "Titled Tue 3rd Jun Early"]
[Site "chess.com INT"]
[Date "2025.06.03"]
[Round "2"]
[White "Harshit, Ranjan Sahu"]
[Black "Janukshan, B"]
[Result "1-0"]
[WhiteTitle "CM"]
[BlackTitle "CM"]
[WhiteElo "2214"]
[BlackElo "1967"]
[WhiteFideId "25638815"]
[BlackFideId "29945399"]
[EventDate "2025.06.03"]

1. e4 c5 2. Nc3 a6 3. f4 b5 4. Nf3 Bb7 5. d3 g6 6. g3 Bg7 7. Bg2 e6 8. O-O Ne7
9. Qe1 O-O 10. g4 d5 11. Qf2 dxe4 12. Nxe4 c4 13. Nc5 Bd5 14. Be3 Bxb2 15. Rab1
Bg7 16. Qh4 Nec6 17. Qh3 h6 18. f5 exf5 19. gxf5 Qd6 20. Ne4 Bxe4 21. dxe4 g5
22. Rbd1 Qe7 23. e5 f6 24. e6 a5 25. Nd4 Nxd4 26. Bxa8 Nxc2 27. Bf2 b4 28. Qg4
Qc7 29. Qe4 Na3 30. e7 Re8 31. Rfe1 Nb5 32. Qd5+ Kh7 33. Qxb5 Rxe7 34. Rxe7 Qxe7
35. Qxb8 c3 36. Bd5 1-0

[Event "Titled Tue 3rd Jun Early"]
[Site "chess.com INT"]
[Date "2025.06.03"]
[Round "2"]
[White "Mateus, Martha"]
[Black "Tikhonov, Viacheslav"]
[Result "1-0"]
[WhiteTitle "WIM"]
[BlackTitle "CM"]
[WhiteElo "1963"]
[BlackElo "2183"]
[WhiteFideId "4401549"]
[BlackFideId "44196407"]
[EventDate "2025.06.03"]

1. d4 Nf6 2. c4 g6 3. Nc3 d5 4. Qb3 c6 5. cxd5 cxd5 6. Bf4 a6 7. e3 Nc6 8. Bd3
Bg7 9. Nge2 O-O 10. Bg5 e6 11. O-O b5 12. Rac1 Bd7 13. e4 Na5 14. Qc2 Qb6 15. e5
Ne8 16. Be7 Rc8 17. Qd2 Nc4 18. Bxc4 dxc4 19. Ne4 Bc6 20. Nf6+ Nxf6 21. exf6
Rfe8 22. Bc5 Qb7 23. fxg7 Bxg2 24. Rfe1 Red8 25. Qg5 Bf3 26. Nf4 Qc7 27. Re3 Ba8
28. Rh3 Qc6 29. f3 h5 30. Nxh5 Qb7 31. Nf6+ Kxg7 32. Rh7# 1-0

[Event "Titled Tue 3rd Jun Early"]
[Site "chess.com INT"]
[Date "2025.06.03"]
[Round "2"]
[White "Galchenko, Matvey"]
[Black "Kurmangaliyeva, Liya"]
[Result "1-0"]
[WhiteTitle "IM"]
[BlackTitle "FM"]
[WhiteElo "2442"]
[BlackElo "2246"]
[WhiteFideId "24175480"]
[BlackFideId "13725831"]
[EventDate "2025.06.03"]

1. f4 d5 2. Nf3 Nf6 3. g3 g6 4. Bg2 Bg7 5. O-O O-O 6. d3 c5 7. Ne5 Nc6 8. Nxc6
bxc6 9. e4 e5 10. Nc3 d4 11. Ne2 Ng4 12. f5 c4 13. dxc4 Ne3 14. Bxe3 dxe3 15.
Qd3 Qb6 16. Qc3 Rb8 17. b3 Re8 18. c5 Qb4 19. Qxe3 Bf8 20. Kh1 Qxc5 21. Qf3 Rb7
22. c3 Bh6 23. Rad1 Rc7 24. Rd3 Kh8 25. fxg6 hxg6 26. Qf6+ Bg7 27. Qh4+ Kg8 28.
Rd8 Re7 29. Rfd1 Ba6 30. b4 Rxd8 31. Rxd8+ 1-0

[Event "Titled Tue 3rd Jun Early"]
[Site "chess.com INT"]
[Date "2025.06.03"]
[Round "2"]
[White "Winkels, Marcel"]
[Black "Yanev, Tihomir"]
[Result "1-0"]
[WhiteTitle "CM"]
[BlackTitle "IM"]
[WhiteElo "1918"]
[BlackElo "2354"]
[WhiteFideId "1003887"]
[BlackFideId "2910110"]
[EventDate "2025.06.03"]

1. e4 c5 2. Nf3 d6 3. d4 cxd4 4. Nxd4 Nf6 5. Nc3 g6 6. Be3 Bg7 7. f3 Nc6 8. Qd2
Bd7 9. O-O-O O-O 10. Bc4 Rc8 11. Bb3 Ne5 12. h4 h5 13. Bg5 Nc4 14. Bxc4 Rxc4 15.
g4 Nxg4 16. Nde2 Ne5 17. Rhf1 Re8 18. f4 Ng4 19. f5 Bc6 20. fxg6 fxg6 21. b3
Rxc3 22. Nxc3 Qa5 23. Na4 Qe5 24. c3 Bxa4 25. bxa4 Rc8 26. Rf3 Qxe4 27. Qd3
Rxc3+ 28. Qxc3 Bxc3 29. Rxc3 Ne5 30. Bxe7 Nd3+ 31. Rcxd3 Qxe7 32. Rxd6 Qe4 33.
Rd8+ Kf7 34. R1d7+ Kf6 35. Rf8+ Ke5 36. Re8+ Kf4 37. Rxe4+ Kxe4 38. Rxb7 1-0

[Event "Titled Tue 3rd Jun Early"]
[Site "chess.com INT"]
[Date "2025.06.03"]
[Round "2"]
[White "Pham, Le Thao Nguyen"]
[Black "Paravyan, David"]
[Result "1/2-1/2"]
[WhiteTitle "IM"]
[BlackTitle "GM"]
[WhiteElo "2388"]
[BlackElo "2596"]
[WhiteFideId "12401226"]
[BlackFideId "4194985"]
[EventDate "2025.06.03"]

1. d4 d5 2. Nf3 Nf6 3. Bf4 Bf5 4. c4 e6 5. Nc3 Bb4 6. e3 O-O 7. Qb3 c5 8. a3
Bxc3+ 9. bxc3 Nc6 10. Bg5 cxd4 11. Bxf6 Qxf6 12. cxd4 dxc4 13. Bxc4 Na5 14. Qb4
Nxc4 15. Qxc4 Bh3 16. O-O Qg6 17. Ne1 Rac8 18. Qa4 a6 19. Kh1 Bf5 20. f3 Bd3 21.
Nxd3 Qxd3 22. Rfe1 Rc2 23. Rad1 Qc3 24. Qb4 b5 25. e4 Rd8 26. d5 exd5 27. exd5
Qxb4 28. axb4 g6 29. h3 Rc4 30. Re4 Kf8 31. Kh2 Rd6 32. Kg3 f5 33. Rxc4 bxc4 34.
Rc1 Rxd5 35. Rxc4 a5 36. bxa5 Rxa5 37. Rc7 Kg8 38. Kh4 f4 39. Kg4 Rf5 40. h4 h5+
41. Kh3 Rf6 42. Rd7 Rf5 43. Rc7 Rf6 44. Rd7 Rf5 45. Rc7 1/2-1/2

[Event "Titled Tue 3rd Jun Early"]
[Site "chess.com INT"]
[Date "2025.06.03"]
[Round "2"]
[White "Kovalchuk, Alexey"]
[Black "Lissillour, Baptiste"]
[Result "1-0"]
[WhiteTitle "FM"]
[BlackTitle "FM"]
[WhiteElo "2304"]
[BlackElo "2318"]
[WhiteFideId "24154385"]
[BlackFideId "45179620"]
[EventDate "2025.06.03"]

1. d4 Nf6 2. c4 e6 3. Nc3 Bb4 4. Qc2 d6 5. Nf3 O-O 6. Bg5 Nbd7 7. e3 b6 8. Bd3
Bb7 9. Bxh7+ Kh8 10. Bd3 e5 11. d5 Nc5 12. Nd2 Bxc3 13. Qxc3 Nxd5 14. cxd5 Qxg5
15. e4 Qxg2 16. O-O-O Qxf2 17. Bc2 Bc8 18. Rhg1 Qh4 19. Rdf1 g6 20. Kb1 Kg7 21.
Nf3 Qh6 22. b4 Nd7 23. Qxc7 a5 24. Qxd6 f6 25. Rg3 axb4 26. Rfg1 g5 27. h4 g4
28. Rxg4+ Kh8 29. Qe7 b3 30. axb3 b5 31. Rg7 b4 32. R1g6 Qh5 33. Rg3 f5 34. Ng5
f4 35. Rh7+ Kg8 36. Qg7# 1-0

[Event "Titled Tue 3rd Jun Early"]
[Site "chess.com INT"]
[Date "2025.06.03"]
[Round "2"]
[White "Omariev, Maksim"]
[Black "Daspres, Loic"]
[Result "1-0"]
[WhiteTitle "FM"]
[BlackTitle "CM"]
[WhiteElo "2304"]
[BlackElo "2207"]
[WhiteFideId "4193423"]
[BlackFideId "20612281"]
[EventDate "2025.06.03"]

1. g4 d6 2. Bg2 Nc6 3. h3 e5 4. c4 f5 5. Nc3 fxg4 6. d3 Be7 7. hxg4 Bxg4 8. Be3
Nf6 9. Qb3 Rb8 10. Nf3 Be6 11. Ng5 Bg8 12. Qa4 Nd7 13. Nce4 Nb6 14. Qc2 Nd4 15.
Qd2 Nf5 16. O-O-O Nxe3 17. Qxe3 Bxc4 18. dxc4 Nxc4 19. Qg3 Qd7 20. Nc3 c6 21.
Bh3 Qc7 22. Ne6 Qb6 23. Nxg7+ Kd8 24. b3 Qa5 25. Ne6+ Ke8 26. bxc4 Bf6 27. e4
Qa3+ 28. Kb1 b5 29. cxb5 Ke7 30. Qd3 a6 31. Ka1 axb5 32. Bf5 b4 33. Nb1 1-0

[Event "Titled Tue 3rd Jun Early"]
[Site "chess.com INT"]
[Date "2025.06.03"]
[Round "2"]
[White "Pacheco, Daniel"]
[Black "Chkuaseli, Revaz"]
[Result "1-0"]
[WhiteTitle "FM"]
[WhiteElo "2191"]
[BlackElo "1910"]
[WhiteFideId "101680"]
[BlackFideId "13605194"]
[EventDate "2025.06.03"]

1. c4 f5 2. b3 b6 3. Bb2 e6 4. e3 Nf6 5. Nf3 Bb7 6. g3 Be7 7. Bg2 O-O 8. O-O a5
9. a3 Na6 10. d3 Nc5 11. Re1 d6 12. b4 axb4 13. axb4 Rxa1 14. Bxa1 Na6 15. Bc3
e5 16. Nbd2 Qa8 17. d4 Rd8 18. b5 Nb8 19. Qc2 e4 20. Nh4 Bc8 21. Ra1 Qb7 22. Qa2
g5 23. c5+ Qd5 24. Qb2 gxh4 25. Bf1 Qf7 26. c6 Nd5 27. Bc4 Be6 28. Qb3 Kh8 29.
Ra7 Bf6 30. Bb2 Re8 31. Nb1 hxg3 32. hxg3 h5 33. Nc3 Nf4 34. Bxe6 Nxe6 35. Nd5
Bd8 36. Nf4 Re7 37. Nxe6 Qxe6 38. d5+ Qe5 39. Bxe5+ Rxe5 40. Ra8 1-0

[Event "Titled Tue 3rd Jun Early"]
[Site "chess.com INT"]
[Date "2025.06.03"]
[Round "2"]
[White "Squella Lavin, Carlos Felipe"]
[Black "Lymar, Vladislav"]
[Result "0-1"]
[WhiteTitle "FM"]
[BlackTitle "CM"]
[WhiteElo "2230"]
[BlackElo "2216"]
[WhiteFideId "3406792"]
[BlackFideId "14162180"]
[EventDate "2025.06.03"]

1. d4 d5 2. c4 e6 3. Nf3 c5 4. cxd5 exd5 5. Nc3 Nc6 6. e3 Nf6 7. Be2 cxd4 8.
Nxd4 Bd6 9. h3 O-O 10. O-O Ne5 11. b3 Bd7 12. Bb2 Rc8 13. Rc1 Qe7 14. Qc2 Bb8
15. Qb1 Qd6 16. f4 Ng6 17. Rfd1 Qe7 18. Qd3 Rfe8 19. Bf3 Qxe3+ 20. Qxe3 Rxe3 21.
Nxd5 Nxd5 22. Bxd5 Rxc1 23. Bxc1 Re7 24. Ba3 Re8 25. f5 Nf4 26. Bxb7 Be5 27. Nf3
Bb5 28. Kh1 Bb8 29. Bd6 Rd8 30. Bxf4 Rxd1+ 31. Kh2 Bxf4+ 0-1

[Event "Titled Tue 3rd Jun Early"]
[Site "chess.com INT"]
[Date "2025.06.03"]
[Round "2"]
[White "Kovalev, Vladislav"]
[Black "Otdelnov, Kirill"]
[Result "0-1"]
[WhiteTitle "GM"]
[BlackTitle "FM"]
[WhiteElo "2557"]
[BlackElo "2273"]
[WhiteFideId "13504398"]
[BlackFideId "24280216"]
[EventDate "2025.06.03"]

1. e4 e6 2. d4 d5 3. exd5 exd5 4. Nf3 Nc6 5. Bd3 Nb4 6. O-O Nxd3 7. Qxd3 Bd6 8.
b3 Ne7 9. c4 c6 10. Re1 O-O 11. Ba3 Bf5 12. Qe3 Re8 13. Bxd6 Qxd6 14. Nc3 dxc4
15. bxc4 Rad8 16. h3 Bg6 17. d5 f6 18. Qxa7 cxd5 19. cxd5 Nxd5 20. Rxe8+ Rxe8
21. Rd1 Qb6 22. Qxb6 Nxb6 23. Nh4 Bf7 24. Nf5 Nc4 25. g4 Ra8 26. Rd7 b6 27. a4
h5 28. Kg2 hxg4 29. hxg4 Ne5 30. Rd4 Kh7 31. Kg3 Rc8 32. Nb5 Rc1 33. Nbd6 Rg1+
34. Kh3 Be6 35. Ne8 Rxg4 36. Rxg4 Bxf5 0-1

[Event "Titled Tue 3rd Jun Early"]
[Site "chess.com INT"]
[Date "2025.06.03"]
[Round "2"]
[White "Luong Phuong Hanh"]
[Black "Newansa, M Esandi"]
[Result "1-0"]
[WhiteTitle "WIM"]
[BlackTitle "WCM"]
[WhiteElo "2144"]
[BlackElo "1947"]
[WhiteFideId "12401013"]
[BlackFideId "9999060"]
[EventDate "2025.06.03"]

1. d4 d5 2. c4 c6 3. Nf3 Nf6 4. Qc2 g6 5. Bf4 Bg7 6. e3 O-O 7. h3 dxc4 8. Bxc4
b5 9. Bd3 Bb7 10. O-O Nd5 11. Bg3 Nb4 12. Qd2 Nxd3 13. Qxd3 a5 14. Rd1 Nd7 15.
Nc3 Nb6 16. Ne4 Nc4 17. Qe2 Qb6 18. Nc5 Rfd8 19. b3 Nd6 20. Rac1 Nf5 21. Be5
Rac8 22. Bxg7 Nxg7 23. Ne5 Rd5 24. f4 f6 25. Ned3 Rcd8 26. Qf3 Bc8 27. Nf2 e5
28. Nfe4 Ne8 29. fxe5 fxe5 30. Nf6+ Nxf6 31. Qxf6 exd4 32. exd4 Qc7 33. Ne6 Bxe6
34. Qxe6+ Qf7 35. Qxc6 Rxd4 36. Rxd4 Rxd4 37. Qxb5 Rd5 38. Rc8+ Kg7 39. Qe2 Qd7
40. Qb2+ Kh6 41. Qc1+ Kg7 42. Qc3+ Kh6 43. Qe3+ g5 44. Rc1 Qd6 45. Qf3 Qe6 46.
Rf1 Qb6+ 47. Kh1 Rd6 48. Qf8+ Kg6 49. h4 Qd4 50. Qg8+ Qg7 51. Qe8+ Kh6 52. hxg5+
Kxg5 53. Qe3+ Kh5 54. Qh3+ Kg6 55. Qg3+ Kh5 56. Qxd6 1-0

[Event "Titled Tue 3rd Jun Early"]
[Site "chess.com INT"]
[Date "2025.06.03"]
[Round "2"]
[White "Skytte, Robert"]
[Black "Mayorau, Mikita1"]
[Result "1-0"]
[WhiteTitle "CM"]
[BlackTitle "GM"]
[WhiteElo "2007"]
[BlackElo "2472"]
[WhiteFideId "1471775"]
[BlackFideId "13501720"]
[EventDate "2025.06.03"]

1. e4 e6 2. d4 d5 3. exd5 exd5 4. Bd3 Nf6 5. h3 Bd6 6. Nf3 O-O 7. O-O Be6 8. c3
c6 9. Bg5 h6 10. Bh4 Nbd7 11. Nbd2 Qc7 12. Re1 g5 13. Nxg5 hxg5 14. Bxg5 Bf4 15.
Bh4 Bh6 16. Nf3 Ne4 17. Bxe4 dxe4 18. Rxe4 Bf5 19. Re1 Rfe8 20. Qb3 Bg6 21. Ne5
Nxe5 22. dxe5 Rxe5 23. Rxe5 Qxe5 24. Qxb7 Rb8 25. Qxc6 Rxb2 26. Bf6 Qe2 27. Qc8+
Bf8 28. Bd4 Rd2 29. Bc5 Kh7 30. Qxf8 Qc4 31. Bd4 Rxd4 32. cxd4 Qxd4 33. Re1 Bh5
34. Re8 f6 35. Qh8+ Kg6 36. Rg8+ Kf5 37. Qxh5+ Ke6 38. Qe8+ Kf5 39. g4+ Kf4 40.
Qe3+ Qxe3 41. fxe3+ Kg3 42. Ra8 f5 43. gxf5 a5 44. Rxa5 Kf3 45. f6 Kg3 46. f7
Kf3 47. f8=Q+ Ke2 48. Rd5 Ke1 49. Qf2# 1-0